000 01247nmm a22002657a 4500
005 20170208142110.0
008 131126b2011 ve ||||| |||| 00| 0 spa d
040 _aCO-BoIAVH
_cCO-BoIAVH
041 _aspa
044 _ack
090 _aMM
_b00377
110 1 _aFundación la Salle de Ciencias Naturales
245 1 0 _aMemorias de la Orinoquia Venezolana:
_b349 contribuciones al conocimiento de la biodiversidad de la Orinoquia Venezolana.
256 _aArchivo ejecutable (46.451 KB)
260 _aVenezuela:
_bFundación la Salle de Ciencias Naturales,
_c2011.
300 _a1 CD-Rom
_bArchivo ejecutable (26.451 KB)
504 _aIncluye bibliografía
520 _aMemorias de la fundación la Salle de Ciencias Naturales es una revista científica, periódica semestral y arbitraria por evaluadores externos que publica artículos originales y ensayos sobre botánica, zoología geología, ecología, Oceanografía, limnología, acuicultura, pesquerías, conservación y manejo de recursos.
538 _aRequiere Adoble Flash
546 _aIngles-Español
650 1 _aOrinoquia
_zVenezuela
700 _aCelsa Señaris-Daniel Lew
_ete.
700 _aMax Demian Hernández
_edi.
942 _2z
_cCD-ROM
_01
999 _c7909
_d7909